Spell the Marvel Character #395 - Statistics

General Stats
  • This quiz has been taken 11 times
  • The average score is 8 of 10
Answer Stats
Picture Answer % Correct
Yondu
100%
Arana
91%
Man-Thing
91%
Scarlet Witch
91%
Energizer
82%
Rockslide
82%
Fantomex
73%
Inferno
73%
Fiery Mask
64%
Komodo
36%
No matching quizzes found
Score Distribution
Percent of People with Each Score
Percentile by Number Answered
Your Score History
You have not taken this quiz